000
00283nam a22001337a 4500
008
170403b xxu||||| |||| 00| 0 eng d
020
_a
9780471753551
041
_a
eng
080
_2
4 ED
_a
574
100
_a
9
101
_a
SHM
245
_a
ENVIRONMENT
_c
RAVEN.P.H
942
_2
udc
_c
BK
999
_c
9573
_d
9573